5HLuxD.jpg

KING HENRY VIII SENIOR AND PRIMARY SCHOOL LIBRARY OPAC

Coco Caramel / (Record no. 3480)

000 -LEADER
fixed length control field 01015nam a22002297a 4500
005 - DATE AND TIME OF LATEST TRANSACTION
control field 20240129092043.0
008 - FIXED-LENGTH DATA ELEMENTS--GENERAL INFORMATION
fixed length control field 240129b ||||| |||| 00| 0 eng d
020 ## - INTERNATIONAL STANDARD BOOK NUMBER
International Standard Book Number 9780141341590
040 ## - CATALOGING SOURCE
Transcribing agency KH8
082 ## - DEWEY DECIMAL CLASSIFICATION NUMBER
Classification number 823.92 CAS
100 ## - MAIN ENTRY--PERSONAL NAME
Personal name Cassidy, Cathy,
Dates associated with a name 1962-
Relator term Author
245 ## - TITLE STATEMENT
Title Coco Caramel /
Statement of responsibility, etc. Cathy Cassidy
260 ## - PUBLICATION, DISTRIBUTION, ETC.
Place of publication, distribution, etc. London,
Name of publisher, distributor, etc. Puffin,
Date of publication, distribution, etc. 2013
300 ## - PHYSICAL DESCRIPTION
Extent 262 pages :
Other physical details illustrations ;
Dimensions 23 cm
440 ## - SERIES STATEMENT/ADDED ENTRY--TITLE
Title The chocolate box girls,
Volume/sequential designation 5
520 ## - SUMMARY, ETC.
Summary, etc. Coco is the youngest of the five Tanberry girls. She is always trying to save someone, whether it is a bullied boy or the giant panda. So when she discovers her favouritme pony, Caramel, needs her help she has to do something. why does Lawrie, the moodiest guy in the school, keep getting in her way? Can Coco rescue Caramel in time or is she riding into deeper trouble? (From book cover)<br/>
521 ## - TARGET AUDIENCE NOTE
Target audience note 9+.
650 ## - SUBJECT ADDED ENTRY--TOPICAL TERM
Topical term or geographic name entry element Children's fiction
650 ## - SUBJECT ADDED ENTRY--TOPICAL TERM
Topical term or geographic name entry element Children's stories
Form subdivision Fiction
650 ## - SUBJECT ADDED ENTRY--TOPICAL TERM
Topical term or geographic name entry element Friendship Fiction
942 ## - ADDED ENTRY ELEMENTS (KOHA)
Source of classification or shelving scheme
Koha item type Books - Fiction
Holdings
Withdrawn status Lost status Source of classification or shelving scheme Damaged status Not for loan Collection code Permanent Location Current Location Shelving location Date acquired Total Checkouts Full call number Barcode Date last seen Date last checked out Price effective from Koha item type
          Fiction KH8 Primary School Library KH8 Primary School Library Non Fiction 2024-01-29 3 823.92 CAS KHPL000004425 2025-12-05 2024-10-01 2024-01-29 Books - Fiction

Powered By KH8 IT Dept